Z DÚM SAMA BOHDANA HROBOŇA PO SPEVOVZDYCHNUTÍ NA TATRÁCH

Bibliographic Details
Main Author: Kovalčík, Vlastimil, 1939- (Author)
Format: Article
Language:Slovak

MARC

LEADER 00000nab a2200000uu 4500
001 vtls011509793
003 SK-MaSNL
005 20260303233820.0
008 230302|1999 xo |||||||||||||||||slo|
015 |a SNBRB 
035 |a (urnnbn)urn:nbn:sk:snk:ar-000dae 
035 |a (uuid)27709e79-6965-446f-8a7d-775d4e26f2bf 
035 |a urn:nbn:sk:snk-abe0sn 
040 |a SNKBUCL  |b slo  |c SNKBUCL  |e AACR2 
041 0 |a slo 
044 |a xo  |c SK 
100 1 |a Kovalčík, Vlastimil,  |d 1939-  |4 aut  |9 102390 
245 1 0 |a Z DÚM SAMA BOHDANA HROBOŇA PO SPEVOVZDYCHNUTÍ NA TATRÁCH  |c Vlastimil Kovalčík 
773 0 |t Slovenské pohľady  |g Roč. 115, č. 10 (1999), s. 51-52 
958 |a OND 
958 |a EUIPO 
958 |a article21 
999 |c 2517213  |d 2519143